Identify the Star Wars species - Statistics

General Stats
  • This quiz has been taken 30 times
  • The average score is 9 of 16
Answer Stats
Picture Answer % Correct
Rancor
93%
Hutt
89%
Wampa
81%
Bantha
78%
Wookiee
78%
Porg
74%
Sarlacc
70%
Dewback
44%
Krayt Dragon
44%
Acklay
41%
Nexu
41%
Reek
41%
Mynock
37%
Gundark
26%
Blurrg
22%
Dianoga
15%
No matching quizzes found
Score Distribution
Percent of People with Each Score
Percentile by Number Answered
Your Score History
You have not taken this quiz